Classification of Flowering plants . V.1 Gymnosperms and Monocotyledons (Record no. 364953)
[ view plain ]
| 000 -LEADER | |
|---|---|
| fixed length control field | 003960000a22001570004500 |
| 060 ## - NATIONAL LIBRARY OF MEDICINE CALL NUMBER | |
| Classification number | 100 |
| 082 ## - DEWEY DECIMAL CLASSIFICATION NUMBER | |
| Classification number | 582.13012 REN |
| 100 ## - MAIN ENTRY--PERSONAL NAME | |
| Personal name | Rendle, Alfred Balton |
| 245 ## - TITLE STATEMENT | |
| Title | Classification of Flowering plants . V.1 Gymnosperms and Monocotyledons |
| 250 ## - EDITION STATEMENT | |
| Edition statement | 2 |
| 260 ## - PUBLICATION, DISTRIBUTION, ETC. (IMPRINT) | |
| Place of publication, distribution, etc. | Cambridge, At the University Press |
| 260 ## - PUBLICATION, DISTRIBUTION, ETC. (IMPRINT) | |
| Date of publication, distribution, etc. | 1959 |
| 300 ## - PHYSICAL DESCRIPTION | |
| Extent | 412 |
| 650 ## - SUBJECT ADDED ENTRY--TOPICAL TERM | |
| Topical term or geographic name as entry element | Flowering Plants |
| 942 ## - ADDED ENTRY ELEMENTS (KOHA) | |
| Koha item type | Books (General) |
| Withdrawn status | Lost status | Damaged status | Not for loan | Home library | Current library | Date acquired | Total Checkouts | Full call number | Barcode | Date last seen | Price effective from | Koha item type |
|---|---|---|---|---|---|---|---|---|---|---|---|---|
| College of Agriculture, Vellayani | College of Agriculture, Vellayani | 02/05/2014 | 582.13012 REN | KAU_COAV-2749 | 02/05/2014 | 02/05/2014 | Books (General) |
